| 000 | 00633nam a2200193 i 4500 | ||
|---|---|---|---|
| 001 | 46904 | ||
| 003 | ES-MaACL | ||
| 005 | 20230906161452.0 | ||
| 007 | t| | ||
| 008 | 030402s1971 sp ||||1| spa d | ||
| 100 | 1 |
_aConso, Pierre. _940232 |
|
| 245 | 1 | 0 |
_aInformática y gestión en la empresa / _cPierre Conso, Pierre Poulain ; [traducida por Eduardo Buzzanca Cañellas]. |
| 250 | _a1ª ed. | ||
| 260 |
_aBarcelona : _bEditores Tecnicos Asociados, _c[1971] |
||
| 300 |
_a296 p., 3 lám. ; _c25 cm. |
||
| 700 | 1 |
_aPoulain, Pierre. _993435 |
|
| 700 | 1 |
_aBuzzanca Cañellas, Eduardo. _933000 |
|
| 852 |
_aES-MaACL _jC-41866 _bR.78385 |
||
| 999 |
_c46904 _d46904 |
||